000
00267nam a2200109Ia 4500
008
231212s1978 xx 000 0 und d
041
_a
eng
082
_a
621.383
100
_a
Bhargavha
245
_a
Basic Eletroinc &Linear
260
_a
New Dehli
_b
Jain Brothers
_c
1978
999
_c
957416
_d
957416